Statistics for Capital Cities With Letter F In Their Name

Click here to take the quiz!

General Stats

  • This quiz has been taken 23 times
  • The average score is 3 of 6

Answer Stats

Answer% Correct
Funafuti
86%
Freetown
68%
Sofia
45%
Nukualofa
41%
Bloemfontein
27%
Port Of Spain
27%

Score Distribution

Percentile by Number Answered

Percent of People with Each Score

Your Score History

You have not taken this quiz